00436nam a2200169Ia 4500003000400000005001700004008004100021020001400062040000700076041000800083082002500091100003300116245003900149260004800188300001700236365001300253OSt20230421154316.0210423s2012 xx 000 0 und d a521527201 cAL aeng a809.93592223b HUGD aHUGHES (Derek);TODD (Janet). aCambridge companion to Aphra Behn. aNew DelhibCambridge University Pressc2012 axxii,248bPB b995cINR